|
|
|
|
| LEADER |
02511nam a22004695i 4500 |
| 001 |
978-0-387-23634-6 |
| 003 |
DE-He213 |
| 005 |
20151204154615.0 |
| 007 |
cr nn 008mamaa |
| 008 |
100301s2005 xxu| s |||| 0|eng d |
| 020 |
|
|
|a 9780387236346
|9 978-0-387-23634-6
|
| 024 |
7 |
|
|a 10.1007/b102090
|2 doi
|
| 040 |
|
|
|d GrThAP
|
| 050 |
|
4 |
|a RC681-688.2
|
| 072 |
|
7 |
|a MJD
|2 bicssc
|
| 072 |
|
7 |
|a MED010000
|2 bisacsh
|
| 082 |
0 |
4 |
|a 616.12
|2 23
|
| 245 |
1 |
0 |
|a Atlas of Practical Applications of Cardiovascular Magnetic Resonance
|h [electronic resource] /
|c edited by Guillem Pons-Lladó, Francesc Carreras.
|
| 264 |
|
1 |
|a Boston, MA :
|b Springer US,
|c 2005.
|
| 300 |
|
|
|a X, 153 p.
|b online resource.
|
| 336 |
|
|
|a text
|b txt
|2 rdacontent
|
| 337 |
|
|
|a computer
|b c
|2 rdamedia
|
| 338 |
|
|
|a online resource
|b cr
|2 rdacarrier
|
| 347 |
|
|
|a text file
|b PDF
|2 rda
|
| 490 |
1 |
|
|a Developments in Cardiovascular Medicine,
|x 0166-9842 ;
|v 255
|
| 505 |
0 |
|
|a Basics of Cardiac Magnetic Resonance and Normal Views -- Ventricular Morphology and Function: Study of Cardiomyopathies -- Acquired Diseases of the Aorta -- Study of Valvular Heart Disease -- Cardiovascular Magnetic Resonance of Ischemic Heart Disease -- Cardiac and Paracardiac Masses -- Diseases of the Pericardium -- Congenital Heart Disease.
|
| 520 |
|
|
|a The Atlas of Practical Applications of Cardiovascular Magnetic Resonance contains over two hundred illustrations and a Glossary of terms. This atlas will assist cardiologists to determine when a CMR exam is useful for diagnosis and provide details on how to plan and read CMR studies. Guillem Pons-Llado, MD is Director of the Cardiac Imaging Unit at the Hospital de la Santa Creu I Sant Pau, Universitat Autonoma de Barcelona in Barcelona, Spain. Francesc Carreras, MD is part of the Cardiac Imaging Unit at the Hospital de la Santa Creu I Sant Pau, Universitat Autonoma de Barcelona in Barcelona, Spain.
|
| 650 |
|
0 |
|a Medicine.
|
| 650 |
|
0 |
|a Radiology.
|
| 650 |
|
0 |
|a Cardiology.
|
| 650 |
1 |
4 |
|a Medicine & Public Health.
|
| 650 |
2 |
4 |
|a Cardiology.
|
| 650 |
2 |
4 |
|a Imaging / Radiology.
|
| 700 |
1 |
|
|a Pons-Lladó, Guillem.
|e editor.
|
| 700 |
1 |
|
|a Carreras, Francesc.
|e editor.
|
| 710 |
2 |
|
|a SpringerLink (Online service)
|
| 773 |
0 |
|
|t Springer eBooks
|
| 776 |
0 |
8 |
|i Printed edition:
|z 9780387236322
|
| 830 |
|
0 |
|a Developments in Cardiovascular Medicine,
|x 0166-9842 ;
|v 255
|
| 856 |
4 |
0 |
|u http://dx.doi.org/10.1007/b102090
|z Full Text via HEAL-Link
|
| 912 |
|
|
|a ZDB-2-SME
|
| 950 |
|
|
|a Medicine (Springer-11650)
|